[Event "BCF-chT3S 1718 (4NCL) Promotion pool"]
[Site "England"]
[Date "2018.05.07"]
[Round "11.41"]
[White "Hadi, Justin"]
[Black "Somerfield, Adrian P"]
[Result "1/2-1/2"]
[WhiteElo "1997"]
[BlackElo "2085"]
[PlyCount "42"]
[EventDate "2017.11.11"]
[EventType "team-tourn"]
[EventRounds "11"]
[EventCountry "ENG"]
[SourceTitle "EXT 2020"]
[Source "ChessBase"]
[SourceDate "2019.10.17"]
[SourceVersion "1"]
[SourceVersionDate "2019.10.17"]
[SourceQuality "1"]
[WhiteTeam "Oxford II"]
[BlackTeam "Cambridge University II"]
[WhiteTeamCountry "ENG"]
[BlackTeamCountry "ENG"]

1. d4 Nf6 2. c4 e6 3. Nf3 d5 4. Bg5 Be7 5. Nc3 c6 6. e3 Nbd7 7. Rc1 0-0 8. Bd3 Re8 9. 0-0 dxc4 10. Bxc4 Nd5 11. Bxe7 Qxe7 12. Ne4 b6 13. Qe2 N5f6 14. Nxf6+ Nxf6 15. Ba6 Bb7 16. Bxb7 Qxb7 17. Ne5 Rac8 18. Rc2 c5 19. dxc5 Rxc5 20. Rxc5 bxc5 21. Rd1 Qc7 1/2-1/2

[Event "BCF-chT3S 1718 (4NCL) Promotion pool"]
[Site "England"]
[Date "2018.05.05"]
[Round "9.42"]
[White "Somerfield, Adrian P"]
[Black "Martin, Lewis"]
[Result "1/2-1/2"]
[WhiteElo "2085"]
[BlackElo "2068"]
[PlyCount "84"]
[EventDate "2017.11.11"]
[EventType "team-tourn"]
[EventRounds "11"]
[EventCountry "ENG"]
[SourceTitle "EXT 2020"]
[Source "ChessBase"]
[SourceDate "2019.10.17"]
[SourceVersion "1"]
[SourceVersionDate "2019.10.17"]
[SourceQuality "1"]
[WhiteTeam "Cambridge University II"]
[BlackTeam "Brown Jack"]
[WhiteTeamCountry "ENG"]
[BlackTeamCountry "ENG"]

1. d4 d5 2. Nf3 Nf6 3. e3 c6 4. c4 Bf5 5. Qb3 Qb6 6. Qxb6 axb6 7. cxd5 Nxd5 8. Bd2 e6 9. Nc3 Nxc3 10. Bxc3 Be7 11. Ne5 f6 12. Nd3 0-0 13. Nf4 g5 14. e4 Bxe4 15. Nxe6 Rc8 16. Bc4 Bd5 17. Bxd5 cxd5 18. f4 Kf7 19. f5 Bd6 20. g4 Nc6 21. a3 h5 22. h3 h4 23. Ke2 Ra4 24. Kd3 Na7 25. Rhc1 Nb5 26. Bd2 Rac4 27. a4 Nc7 28. Nxc7 R8xc7 29. b3 R4c6 30. Rxc6 bxc6 31. b4 Ra7 32. a5 Bc7 33. Bc3 Ke7 34. axb6 Bxb6 35. Rxa7+ Bxa7 36. Kc2 Kd7 37. Kb3 Kc7 38. Ka4 Kb6 39. Bd2 Bb8 40. Be3 Bg3 41. Bg1 Bf4 42. Bf2 Ka6 1/2-1/2

[Event "BCF-chT3Sa 1718 (4NCL)"]
[Site "England"]
[Date "2018.03.24"]
[Round "7.42"]
[White "Somerfield, Adrian P"]
[Black "Brown, Thomas"]
[Result "1/2-1/2"]
[WhiteElo "2085"]
[BlackElo "2060"]
[PlyCount "117"]
[EventDate "2017.11.11"]
[EventType "team-tourn"]
[EventRounds "11"]
[EventCountry "ENG"]
[SourceTitle "EXT 2020"]
[Source "ChessBase"]
[SourceDate "2019.10.17"]
[SourceVersion "1"]
[SourceVersionDate "2019.10.17"]
[SourceQuality "1"]
[WhiteTeam "Cambridge University II"]
[BlackTeam "Rhyfelwyr Essyllwg"]
[WhiteTeamCountry "ENG"]
[BlackTeamCountry "WLS"]

1. d4 Nf6 2. Nf3 g6 3. e3 Bg7 4. Be2 0-0 5. 0-0 c5 6. Nbd2 cxd4 7. exd4 d5 8. c3 Nc6 9. Re1 Rb8 10. Bb5 a6 11. Bxc6 bxc6 12. Ne5 Qb6 13. Nb3 Ne4 14. Nd3 a5 15. f3 a4 16. fxe4 dxe4 17. Nbc5 exd3 18. Rxe7 a3 19. b4 Bf5 20. Nxd3 Bxd4+ 21. cxd4 Qxd4+ 22. Be3 Qxd3 23. Qxd3 Bxd3 24. Bc5 Rfe8 25. Rae1 Rxe7 26. Rxe7 Ra8 27. Rd7 Bc4 28. Rd2 g5 29. Kf2 h6 30. Rc2 Be6 31. Be7 Kg7 32. Rxc6 Bxa2 33. Bf6+ Kg6 34. Bc3+ Be6 35. b5 a2 36. Ra6 Rxa6 37. bxa6 Kf5 38. a7 Bd5 39. h3 h5 40. g3 h4 41. gxh4 gxh4 42. Ke3 Kg5 43. Ba1 f5 44. Kd4 Ba8 45. Ke3 f4+ 46. Kd3 f3 47. Ke3 Kf5 48. Bb2 Ke6 49. Ba1 Kd6 50. Bb2 Kc5 51. Ba1 Kc4 52. Bg7 Kb5 53. Bf6 Ka6 54. Bd4 Bc6 55. Kf2 Kb7 56. Ke3 Bd7 57. Kxf3 Bxh3 58. Kf2 Ka8 59. Kg1 1/2-1/2

[Event "BCF-chT3Sb 1617 (4NCL)"]
[Site "England"]
[Date "2017.03.18"]
[Round "7.61"]
[White "Somerfield, Adrian P"]
[Black "Forster, Matthew"]
[Result "1/2-1/2"]
[WhiteElo "2097"]
[BlackElo "1971"]
[PlyCount "41"]
[EventDate "2016.11.26"]
[EventType "team-tourn"]
[EventRounds "11"]
[EventCountry "ENG"]
[SourceTitle "EXT 2019"]
[Source "ChessBase"]
[SourceDate "2018.10.10"]
[SourceVersion "1"]
[SourceVersionDate "2018.10.10"]
[SourceQuality "1"]
[WhiteTeam "Cambridge University II"]
[BlackTeam "Sussex Martlets II"]
[WhiteTeamCountry "ENG"]
[BlackTeamCountry "ENG"]

1. d4 c5 2. e3 e6 3. Nf3 Nf6 4. Bd3 d5 5. c3 Nc6 6. Nbd2 b6 7. a3 Be7 8. 0-0 0-0 9. e4 dxe4 10. Nxe4 cxd4 11. Nxf6+ Bxf6 12. Be4 Ba6 13. Bxc6 Rc8 14. Be4 Bxf1 15. Qxf1 dxc3 16. bxc3 Rxc3 17. Rb1 Rc8 18. Bf4 Qe7 19. Rb3 Rfd8 20. g3 h6 21. Be3 1/2-1/2

[Event "BCF-chT2c 1415 (4NCL)"]
[Site "England"]
[Date "2015.03.29"]
[Round "8.235"]
[White "Somerfield, Adrian P"]
[Black "Jackson, Sheila"]
[Result "0-1"]
[WhiteElo "2080"]
[BlackElo "2134"]
[PlyCount "62"]
[EventDate "2015.03.29"]
[EventType "team-tourn"]
[EventRounds "11"]
[EventCountry "ENG"]
[SourceTitle "EXT 2016"]
[Source "ChessBase"]
[SourceDate "2015.10.08"]
[SourceVersion "1"]
[SourceVersionDate "2015.10.08"]
[SourceQuality "1"]
[WhiteTeam "Cambridge II"]
[BlackTeam "Spirit of Atticus"]
[WhiteTeamCountry "ENG"]
[BlackTeamCountry "ENG"]

1. d4 Nf6 2. Nf3 e6 3. e3 b6 4. Bd3 Bb7 5. Nbd2 c5 6. c3 d6 7. e4 cxd4 8. cxd4 Nbd7 9. 0-0 Be7 10. Re1 e5 11. Nf1 0-0 12. Ng3 exd4 13. Nxd4 Nc5 14. Bc2 a6 15. b4 Ne6 16. Ngf5 d5 17. e5 Bxb4 18. exf6 Bxe1 19. Ne7+ Kh8 20. fxg7+ Nxg7 21. Qd3 f5 22. Bg5 Bb4 23. Ng6+ hxg6 24. Bxd8 Raxd8 25. g4 Rc8 26. gxf5 Rc3 27. Qd1 gxf5 28. Bxf5 Bc8 29. Bxc8 Rcxc8 30. Rb1 Bc5 31. Qd2 Rf6 0-1

[Event "BCF-chT2a 1415 (4NCL)"]
[Site "England"]
[Date "2015.03.28"]
[Round "7.225"]
[White "Payne, Matthew"]
[Black "Somerfield, Adrian P"]
[Result "1/2-1/2"]
[WhiteElo "2000"]
[BlackElo "2071"]
[PlyCount "42"]
[EventDate "2014.11.15"]
[EventType "team-tourn"]
[EventRounds "7"]
[EventCountry "ENG"]
[SourceTitle "EXT 2016"]
[Source "ChessBase"]
[SourceDate "2015.10.08"]
[SourceVersion "1"]
[SourceVersionDate "2015.10.08"]
[SourceQuality "1"]
[WhiteTeam "Sussex Martlets"]
[BlackTeam "Cambridge II"]
[WhiteTeamCountry "ENG"]
[BlackTeamCountry "ENG"]

1. e4 c6 2. d4 d5 3. f3 Qb6 4. Nc3 dxe4 5. fxe4 e5 6. Nf3 exd4 7. Qxd4 Qxd4 8. Nxd4 Bc5 9. Nb3 Bb6 10. Bf4 Nf6 11. h3 0-0 12. 0-0-0 Re8 13. Bc4 Nbd7 14. Rhe1 Ne5 15. Bxe5 Rxe5 16. Nd4 Bxd4 17. Rxd4 Be6 18. Bxe6 Rxe6 19. b4 Rae8 20. b5 c5 21. Ra4 a6 1/2-1/2

[Event "BCF-chT2a 1415 (4NCL)"]
[Site "England"]
[Date "2015.02.15"]
[Round "6.99"]
[White "Walton, Alan J"]
[Black "Somerfield, Adrian P"]
[Result "1-0"]
[WhiteElo "2113"]
[BlackElo "2071"]
[PlyCount "69"]
[EventDate "2014.11.15"]
[EventType "team-tourn"]
[EventRounds "7"]
[EventCountry "ENG"]
[SourceTitle "EXT 2016"]
[Source "ChessBase"]
[SourceDate "2015.10.08"]
[SourceVersion "1"]
[SourceVersionDate "2015.10.08"]
[SourceQuality "1"]
[WhiteTeam "3CS Oldham"]
[BlackTeam "Cambridge II"]
[WhiteTeamCountry "ENG"]
[BlackTeamCountry "ENG"]

1. d4 Nf6 2. Bg5 c5 3. d5 Ne4 4. Bf4 Qb6 5. Nc3 Qxb2 6. Nxe4 Qb4+ 7. c3 Qxe4 8. e3 d6 9. f3 Qg6 10. Qd2 e5 11. dxe6 Qxe6 12. g3 Nc6 13. e4 Be7 14. Rb1 Qf6 15. h4 0-0 16. Kf2 Ne5 17. Bg5 Qe6 18. Bh3 Bxg5 19. hxg5 f5 20. Bxf5 Rxf5 21. exf5 Qxf5 22. Rd1 Be6 23. Rh4 d5 24. Rf4 Qg6 25. Qe2 Nc6 26. Re1 Bd7 27. Qd2 Qd6 28. Ne2 Ne5 29. Nc1 c4 30. Kg2 b5 31. Rd4 Bc6 32. Qf4 Re8 33. Rd2 Qb8 34. Rde2 Nd3 35. Rxe8+ 1-0

[Event "BCF-chT4 0304 (4NCL)"]
[Site "West Bromwich "]
[Date "2004.05.31"]
[Round "9.2"]
[White "Somerfield, Adrian P"]
[Black "Horton, Justin"]
[Result "0-1"]
[WhiteElo "1480"]
[BlackElo "2056"]
[PlyCount "70"]
[EventDate "2003.10.??"]
[EventType "team"]
[EventRounds "11"]
[EventCountry "ENG"]
[SourceTitle "EXT 2005"]
[Source "ChessBase"]
[SourceDate "2004.11.15"]
[SourceVersion "1"]
[SourceVersionDate "2004.11.15"]
[SourceQuality "1"]
[WhiteTeam "The ADS III"]
[BlackTeam "Mindsports II"]
[WhiteTeamCountry "ENG"]
[BlackTeamCountry "ENG"]

1. e4 e6 2. d3 d5 3. Nd2 c5 4. Ngf3 Nc6 5. g3 g6 6. Bg2 Bg7 7. 0-0 Nge7 8. Re1 0-0 9. h4 b6 10. Nf1 Bb7 11. e5 Nf5 12. N1h2 h6 13. Ng4 b5 14. Bd2 h5 15. Bg5 hxg4 16. Bxd8 gxf3 17. Bxf3 Raxd8 18. h5 Nxe5 19. Bg2 gxh5 20. Qxh5 Ng6 21. Rad1 Bc8 22. Bh3 Nd4 23. Rc1 e5 24. Bg2 e4 25. dxe4 Ne5 26. Kf1 Bg4 27. Qg5 Ndf3 28. Bxf3 Nxf3 29. Qf4 Bh3+ 30. Ke2 Nxe1 31. Rxe1 dxe4 32. Rh1 Bg2 33. Rc1 Rd5 34. Rg1 Bf3+ 35. Ke3 Bd4+ 0-1

[Event "Coventry op 1st"]
[Site "Coventry"]
[Date "2004.04.18"]
[Round "5"]
[White "Fowkes, Adrian"]
[Black "Somerfield, Adrian P"]
[Result "1/2-1/2"]
[WhiteElo "1664"]
[BlackElo "1480"]
[PlyCount "78"]
[EventDate "2004.04.16"]
[EventType "swiss"]
[EventRounds "5"]
[EventCountry "ENG"]
[SourceTitle "CBM 099 Extra"]
[Source "ChessBase"]
[SourceDate "2004.05.04"]
[SourceVersion "1"]
[SourceVersionDate "2004.05.04"]
[SourceQuality "1"]

1. d4 Nf6 2. c4 g6 3. Nc3 Bg7 4. e4 d6 5. Be2 0-0 6. Nf3 e5 7. dxe5 dxe5 8. Qxd8 Rxd8 9. Bg5 Re8 10. Rd1 c6 11. Nxe5 Nxe4 12. Nxe4 Bxe5 13. Bf6 Nd7 14. Bxe5 Rxe5 15. Nd6 Re7 16. f3 Nf6 17. Nxc8 Rxc8 18. Kf2 Rce8 19. Rhe1 Kg7 20. Bd3 Rxe1 21. Rxe1 Rxe1 22. Kxe1 Nd7 23. Kd2 Kf6 24. Ke3 Ne5 25. Be2 Ke6 26. h4 h6 27. f4 Nd7 28. h5 Nf6 29. hxg6 fxg6 30. g4 a5 31. g5 hxg5 32. fxg5 Nh7 33. Kf4 c5 34. Bf3 b6 35. Bd5+ Kd6 36. Be4 Nf8 37. Bc2 Ne6+ 38. Kg4 Nf8 39. Kf4 Ne6+ 1/2-1/2

[Event "BCF-chT4 0304 (4NCL)"]
[Site "West Bromwich "]
[Date "2003.11.23"]
[Round "2.4"]
[White "McCarthy, Kevin"]
[Black "Somerfield, Adrian P"]
[Result "1-0"]
[WhiteElo "1920"]
[BlackElo "1480"]
[PlyCount "77"]
[EventDate "2003.10.??"]
[EventType "team"]
[EventRounds "11"]
[EventCountry "ENG"]
[SourceTitle "EXT 2005"]
[Source "ChessBase"]
[SourceDate "2004.11.15"]
[SourceVersion "1"]
[SourceVersionDate "2004.11.15"]
[SourceQuality "1"]
[WhiteTeam "Slough III"]
[BlackTeam "The ADS III"]
[WhiteTeamCountry "ENG"]
[BlackTeamCountry "ENG"]

1. d4 Nf6 2. Nc3 d5 3. e4 dxe4 4. f3 exf3 5. Nxf3 Bf5 6. Bc4 e6 7. Bg5 Be7 8. Qd2 c6 9. 0-0-0 Nbd7 10. Kb1 Qc7 11. d5 cxd5 12. Bxd5 0-0 13. Bb3 a6 14. h3 b5 15. Nd4 Nc5 16. Nxf5 exf5 17. Rhe1 Ra7 18. Bd5 b4 19. Bxf6 Bxf6 20. Bxf7+ Qxf7 21. Nd5 Kh8 22. Qe3 Na4 23. Nxf6 Qxf6 24. Qb3 Nc5 25. Qxb4 Rb7 26. Qd4 Qxd4 27. Rxd4 g6 28. Rf1 Ne4 29. Rxe4 fxe4 30. Rxf8+ Kg7 31. Re8 Rf7 32. b4 Rf1+ 33. Kb2 Re1 34. Kc3 Re2 35. a4 Rxg2 36. Rxe4 Rg3+ 37. Kc4 Rxh3 38. b5 axb5+ 39. axb5 1-0